| 000 | 00842nam a2200217 a 4500 | ||
|---|---|---|---|
| 003 | 0 | ||
| 005 | 20250224075206.0 | ||
| 008 | 111114s19uu xx 00 eng d | ||
| 050 |
_aPGS QR 82.E97 _b.Om55 2011 |
||
| 100 | _aOmillo, Mary Nicole E. | ||
| 245 |
_aThe effect of Euphorbia hirta on Staphylococcus aureus / _cMary Nicole E. Omillo. |
||
| 260 |
_aLas PiƱas City, Philippines : _bSouthville International School and Colleges, _c2011. |
||
| 300 |
_a14 pages : _billustrations ; _c28 cm. |
||
| 504 | _aIncludes bibliographical references. | ||
| 650 |
_aEuphorbia hirta _xExperimental research |
||
| 650 |
_aEuphorbia hirta _vTherapeutic use. |
||
| 650 |
_aStaphylococcus aureus _vEffect of drugs on. |
||
| 650 |
_aStaphylococcus aureus _vMicrobiology. |
||
| 650 |
_aMedicinal plants _vAntibacterial properties. |
||
| 942 |
_2lcc _cPASS |
||
| 999 |
_c98629 _d98629 |
||